Monuments de Liège par leur hauteur - Statistiques

Statistiques générales
  • Ce quiz a été pris 16 fois
    14 depuis la dernière actualisation
  • Le résultat moyen est 3 sur 15
Statistiques - réponses
Hauteur Monument % Correct
136m Tour Paradis/Tour des Finances
85%
40m Gare des Guillemins
69%
85m Tour Kennedy/Résidence Kennedy
46%
90m Cathédrale Saint-Paul
23%
67m Tour de la Cité Administrative/Cité Administrative
23%
210m Antenne du Sart-Tilman/Tour émettrice du Bol d'Air
8%
87m Tour Atlas
8%
78m Tour Simenon/Résidence Georges Simenon
8%
63m Les Écoliers
0%
75m Monument Interallié
0%
70m Pont du pays de Liège/Pont de Liège
0%
68m Résidence Belvédère
0%
58m Résidence Élysée
0%
53m Résidence Henri IV
0%
38m Tour du Forem/Le Forem
0%
Aucun quiz correspondant
Distribution des résultats
% des personnes avec chaque résultat
Percentile par nombre de réponses
Votre historique - résultats
Vous n’avez pas pris ce quiz depuis la dernière actualisation